Normal view MARC view

Entry Personal Name

Number of records used in: 1

001 - CONTROL NUMBER

  • control field: 67409

003 - CONTROL NUMBER IDENTIFIER

  • control field:

005 - DATE AND TIME OF LATEST TRANSACTION

  • control field: 20250901172415.0

008 - FIXED-LENGTH DATA ELEMENTS

  • fixed length control field: 250901|| aca||aabn | a|a d

040 ## - CATALOGING SOURCE

  • Original cataloging agency:
  • Transcribing agency:

100 ## - HEADING--PERSONAL NAME

  • Personal name: BRENCH, Anthony C

670 ## - SOURCE DATA FOUND

  • Source citation: Work cat.: ()22320: BRENCH, Anthony C. aut, Writing in French from Senegal to Cameroon /, 1967

National Library of Nigeria OPAC is powered by Koha